000 00460nam a2200181Ia 4500
003 GCL
008 140319s9999 xx 000 0 ara d
040 _aGCL /
_cGCL
082 0 4 _a869
_bا ف
100 1 _aمحمد عيثانى
245 1 0 _aفارس الرمال /
_cمحمد عيثانى
700 1 _aامادو، جورج
300 _a260 ص
490 _a
650 0 4 _aمسرحيات
650 0 4 _aالادب البرازيلى
942 _2ddc
_cBK
999 _c40283
_d40283